000 00526nam a2200193 a 4500
001 1771666395168
003 YourLibrary
005 20260221150457.0
008 260221s2001##################000#0#eng##
020 _a9780700715244
082 0 4 _a338.6420951
_bDOU
100 1 _aDouw, Leo,
_eauthor.
245 1 0 _aRethinking Chinese Transnational Enterprises :
260 _bPsychology Press,
_c2001.
300 _a306 pages
650 0 _aBusiness & Economics.
942 _cENGLISH
040 _aYourLibrary
_beng
_cYourLibrary
999 _c615383
_d615383